000 00536cab a2200205 4500
001 X97491
008 090401t1999 xxu||||| |||| 00| 0 eng d
035 _a(Sirsi) u92166
041 _aeng
245 _aCitibank International plc v Kessler and another
260 _c1999
350 _a0
490 _aNew Property Cases
_v[199] NPC 32 (12/03/99)
650 _aCITIBANK V KESSLER
650 _aIMPLIED TERMS
650 _aMORTGAGE ARREARS
690 _aPROPERTY LAW AND PRACTICE-CASE LAW
942 _n0
948 _c17/03/1999
999 _c58434
_d58434